000 00283nam a2200121Ia 4500
008 190216s9999||||xx |||||||||||||| ||und||
100 _aNull
245 0 _aHindi-Hindusthani Ke Rehankimem
260 _bPoomkavanam Books Publishers
300 _a108
650 _aHindi
942 _cBK
999 _c15793
_d15793